South Eastern Kenya University

Library Online Public Access Catalogue


Saving our planet : challenges and hopes (Record no. 18545)

MARC details
000 -LEADER
fixed length control field 00550nam a22001697a 4500
003 - CONTROL NUMBER IDENTIFIER
control field OSt
005 - DATE AND TIME OF LATEST TRANSACTION
control field 20250508113642.0
008 - FIXED-LENGTH DATA ELEMENTS--GENERAL INFORMATION
fixed length control field 250508b |||||||| |||| 00| 0 eng d
040 ## - CATALOGING SOURCE
Original cataloging agency SEKU
050 ## - LIBRARY OF CONGRESS CALL NUMBER
Classification number GF 75
Item number .T65
100 ## - MAIN ENTRY--PERSONAL NAME
Personal name Tolba, Mostafa Kamal.
245 ## - TITLE STATEMENT
Title Saving our planet : challenges and hopes
260 ## - PUBLICATION, DISTRIBUTION, ETC. (IMPRINT)
Place of publication, distribution, etc. London ;
Name of publisher, distributor, etc. New York : Chapman & Hall,
Date of publication, distribution, etc. 1992.
300 ## - PHYSICAL DESCRIPTION
Extent 287 p. :
650 ## - SUBJECT ADDED ENTRY--TOPICAL TERM
Source of heading or term Nature
Topical term or geographic name as entry element Effect of human beings on.
Form subdivision Economic development--Environmental aspects.
General subdivision Human ecology.
-- Environmental policy.
942 ## - ADDED ENTRY ELEMENTS (KOHA)
Source of classification or shelving scheme Library of Congress Classification
Koha item type General circulation
Holdings
Withdrawn status Lost status Source of classification or shelving scheme Damaged status Not for loan Home library Current library Shelving location Date acquired Source of acquisition Total Checkouts Full call number Barcode Date last seen Price effective from Koha item type
    Library of Congress Classification     SEHSS - Library SEHSS - Library General Stacks 08/05/2025 Donation   GF 75 .T65 2023/026195 08/05/2025 08/05/2025 General circulation
Kitui, Kenya.
+254736116989
library@seku.ac.ke